ニーチェ - Statistics

General Stats
  • This quiz has been taken 7 times
  • The average score is 4 of 7
Answer Stats
ニーチェ 
世界が絶えず変化する推進力は1
キリスト教は、生々しい欲望や利己心を罪悪視しすぎた
 その根底は弱者の強者への恨み2
 この意味でキリスト教は3
しかもキリスト教は衰退している=4
本来世界には意味や目的がなく、無意味が繰り返される5
強さへの意思を持った人間は、世界の無意味を受け入れて前進することができる6
こうしたことができる人間7<=>末人
Answer % Correct
7 超人
100%
4 神は死んだ
75%
1 力への意思
50%
2 ルサンチマン
50%
3 奴隷道徳
50%
5 永劫回帰
50%
6 運命愛
50%
No matching quizzes found
Score Distribution
Percent of People with Each Score
Percentile by Number Answered
Your Score History
You have not taken this quiz